Les prénoms les plus attribués dans les années 1920 - Statistiques

Statistiques générales
  • Ce quiz a été pris 1 260 fois
  • Le résultat moyen est 57 sur 100
Statistiques - réponses
Rang Prénom % Correct
2 Jean
98%
1 Marie
96%
21 Paul
94%
11 Louis
91%
4 Pierre
90%
14 Jacques
86%
39 François
85%
7 Jeanne
84%
12 Henri
83%
44 Louise
82%
3 André
80%
40 Charles
78%
76 Françoise
77%
5 René
77%
81 Lucie
76%
8 Marcel
76%
9 Robert
75%
42 Bernard
74%
41 Claude
73%
10 Georges
73%
19 Paulette
73%
50 Anne
72%
60 Yves
72%
15 Jacqueline
71%
32 Lucien
70%
36 Albert
69%
28 Andrée
69%
20 Joseph
69%
63 Léon
69%
90 Jules
68%
27 Renée
68%
54 Henriette
67%
13 Maurice
66%
22 Raymond
66%
31 Yvette
66%
69 Antoine
65%
72 Juliette
64%
99 Julien
63%
26 Marcelle
62%
6 Roger
62%
25 Simone
61%
48 Thérèse
61%
85 Daniel
60%
18 Denise
60%
34 Lucienne
59%
38 Georgette
58%
73 Gérard
58%
16 Madeleine
58%
23 Yvonne
58%
55 Fernand
57%
51 Guy
57%
30 Marguerite
56%
33 Michelle
56%
35 Raymonde
56%
43 Emile
55%
47 Hélène
55%
86 Joséphine
55%
62 Monique
54%
17 Suzanne
54%
68 Colette
53%
37 Germaine
52%
29 Jeannine
52%
24 Odette
52%
66 Fernande
51%
78 Maria
51%
83 Auguste
49%
87 Pierrette
48%
80 Camille
47%
77 Gabriel
47%
56 Alice
46%
95 Rose
46%
57 Christiane
45%
91 Alfred
44%
65 Gaston
44%
74 Josette
44%
52 Gilbert
43%
49 Ginette
43%
58 Marthe
43%
59 Micheline
43%
93 Anna
41%
94 Francis
41%
45 Geneviève
41%
92 Serge
41%
82 Antoinette
40%
84 Gabrielle
39%
53 Gisèle
38%
67 Huguette
38%
98 Cécile
37%
64 Eugène
37%
96 Berthe
33%
61 Roland
33%
46 Simonne
31%
97 Edmond
29%
75 Gilberte
28%
79 Lucette
27%
70 Solange
27%
89 Eliane
23%
100 Marius
23%
71 Irène
22%
88 Janine
15%
Aucun quiz correspondant
Distribution des résultats
% des personnes avec chaque résultat
Percentile par nombre de réponses
Votre historique - résultats
Vous n’avez pas pris ce quiz